000 01104cam a2200277 a 4500
001 2454493
003 ARRUPE
005 20140131132451.0
008 890628s1990 nyu b 001 0 eng
010 _a 89036861
020 _a0809131013 :
_c$10.95
040 _aDLC
_cDLC
_dDLC
050 0 0 _aBX2350.65
_b.S65 1990
082 0 0 _a248.4/82
_220
245 0 0 _aSpiritualities of the heart :
_bapproaches to personal wholeness in Christian tradition /
_cedited by Annice Callahan.
260 _aNew York :
_bPaulist Press,
_cc1990.
300 _aiv, 225 p. ;
_c23 cm.
504 _aIncludes bibliographical references and index.
610 2 0 _aCatholic Church
_xDoctrines
_xHistory.
_97544
650 0 _aSpirituality
_xCatholic Church
_xHistory of doctrines.
_97545
650 0 _aHeart
_xReligious aspects
_xChristianity
_xHistory of doctrines.
_97546
700 1 _aCallahan, Annice,
_d1945-
_97547
906 _a7
_bcbc
_corignew
_d1
_eocip
_f19
_gy-gencatlg
942 _2lcc
_cMONOGRAPH
999 _c119833
_d119833